Development of a semi rigid wearing course for Malaysian roads using local materials /
Saved in:
| 主要作者: | |
|---|---|
| 格式: | Thesis 圖書 |
| 語言: | English |
| 主題: | |
| 標簽: |
添加標簽
沒有標簽, 成為第一個標記此記錄!
|
| LEADER | 01321cam a2200325 i 4500 | ||
|---|---|---|---|
| 001 | u989072 | ||
| 003 | SIRSI | ||
| 005 | 201402101529 | ||
| 008 | 140210s2013 my a t 000 0 eng m | ||
| 040 | |a UMM |d UMJ |e rda | ||
| 043 | |a a-my--- | ||
| 090 | |a TA145 |b UMP 2013 Nadmh | ||
| 097 | |a TA145 |b UMP 2013 Nadmh | ||
| 100 | 0 | |a Nadiah Md Husain, |e author. | |
| 245 | 1 | 0 | |a Development of a semi rigid wearing course for Malaysian roads using local materials / |c Nadiah Md Husain. |
| 264 | 1 | |c 2013. | |
| 264 | 4 | |c 2013. | |
| 336 | |a text |2 rdacontent | ||
| 337 | |a unmediated |2 rdamedia | ||
| 338 | |a volume |2 rdacarrier | ||
| 502 | |b Ph.D |c Institut Pengajian Siswazah, Universiti Malaya |d 2013. | ||
| 504 | |a Bibliography: leaves 238-252. | ||
| 650 | 0 | |a Pavements |x Maintenance and repair |z Malaysia. | |
| 650 | 0 | |a Road materials |z Malaysia. | |
| 710 | 2 | |a Universiti Malaya. |b Institut Pengajian Siswazah, |e degree granting institution. | |
| 900 | |a HA-ZA | ||
| 596 | |a 1 7 | ||
| 999 | |a TA145 UMP 2013 NADMH |w LC |c 1 |i A515860968 |d 15/10/2014 |f 15/10/2014 |g 1 |l STACKS |m P01UTAMA |r Y |s Y |t TESIS |u 13/10/2014 | ||
| 999 | |a TA145 UMP 2013 NADMH |w LC |c 1 |i A516084470 |d 6/1/2015 |f 6/1/2015 |g 1 |l STACKS |m P07JURUTER |r N |s Y |t TESIS |u 6/1/2015 | ||
| 999 | |a TA145 UMP 2013 NADMH |w LC |c 2 |i A516086731 |d 6/1/2015 |f 6/1/2015 |g 1 |l COUNTER |m P07JURUTER |r N |s Y |t CD |u 6/1/2015 | ||
